| 000 | 00430 a2200169 4500 | ||
|---|---|---|---|
| 020 | _a9788792329349 | ||
| 082 | _a384 | ||
| 090 |
_c7106 _d7106 |
||
| 100 | _a Prasad, Ramjee | ||
| 110 | _aOhmori, Shingo | ||
| 245 |
_aTowards green ICT _cRamjee Prasad |
||
| 260 |
_aDenmark _bRiver Publishers _c2010 |
||
| 300 | _a362 p. | ||
| 650 | _aTelecommunication--Environmental aspects | ||
| 700 | _aRamjee Prasad | ||
| 942 |
_cBK _k384 PRA |
||
| 999 |
_c10910 _d10910 |
||